Sports Quiz

Random Sports or Rugby Quiz

BBC's 2015 Rugby World Cup Team of the Tournament Quiz Stats

Quiz not verified by Sporcle

Challenge
Share
Tweet
Embed
Score 0/33 Timer 07:00
0 Plays Today
Position Player % Correct
FlyhalfDan Carter
91.3%
ScrumhalfAaron Smith
89.1%
FullbackBen Smith
89.1%
ScrumhalfAaron Smith
89.1%
FullbackBen Smith
89.1%
Number 8David Pocock
86.2%
Openside FlankerDavid Pocock
86.2%
Inside CentreMa'a Nonu
84.1%
Outside CentreMa'a Nonu
84.1%
Left WingJulian Savea
81.2%
FlyhalfDan Biggar
78.3%
LockAlun Wynn Jones
74.6%
HookerDane Coles
72.5%
Right WingNehe Milner-Skudder
71.7%
Number 8Taulupe Faletau
71.7%
Right WingNehe Milner-Skudder
71.7%
LockBrodie Retallick
70.3%
Position Player % Correct
LockSam Whitelock
63.8%
Tighthead PropBen Franks
59.4%
Inside CentreMatt Giteau
56.5%
Blindside FlankerScott Fardy
53.6%
Blindside FlankerScott Fardy
53.6%
Openside FlankerSchalk Burger
51.4%
HookerAugustin Creevy
49.3%
Loosehead PropScott Sio
44.2%
LockLood de Jager
44.2%
Loosehead PropScott Sio
44.2%
Left WingJuan Imhoff
43.5%
Outside CentreJesse Kriel
41.3%
Tighthead PropRamiro Herrera
19.6%
Davies's IV -
2.9%
Guscott's IV -
2.9%
- -
2.9%

You're not logged in!

Compare scores with friends on all Sporcle quizzes.
Sign Up with Email
OR
Log In

You Might Also Like...

Show Comments

Extras

Top Quizzes Today


Score Distribution

Your Account Isn't Verified!

In order to create a playlist on Sporcle, you need to verify the email address you used during registration. Go to your Sporcle Settings to finish the process.